000 00358 a2200169 4500
001 186766
020 _a85-356-0371-9
040 _cMagnum
100 _aPaula, Branca Maria de
240 1 0 _aPacífico o gato
_lpor
245 1 0 _aPacífico o gato
300 _a28
362 0 _a1999
440 1 _aPaulinas
697 _aLITERATURA INFANTO
942 _cBK
999 _c186766
_d186766